[Event "AUTO-ADV-2065"]
[Site "http://www.queenalice.com/game.php?id=897780"]
[Date "2011.2.8"]
[Round "1"]
[White "marcosweck"]
[Black "javito"]
[Result "1-0"]
[WhiteElo "1857"]
[BlackElo "1765"]

1. Nf3 h6 2. c4 c6 3. d4 d6 4. g3 Nf6 5. Nc3 Bg4 6. e4 Bxf3 7. Qxf3 d5 8. cxd5
cxd5 9. e5 Ne4 10. Nxe4 dxe4 11. Qxe4 e6 12. Qxb7 Nd7 13. Bg2 Rb8 14. Qxa7 Bb4+
15. Kf1 O-O 16. Qa6 Ba5 17. Bf3 Rb4 18. Qd3 Nb6 19. Be3 Rxb2 20. Kg2 Nd5 21.
Bxd5 exd5 22. Rhb1 Rxb1 23. Rxb1 Qc8 24. Rb5 Qd8 25. Qb3 Qa8 26. Qxd5 Qxd5+ 27.
Rxd5 Bb6 28. Rb5 Bc7 29. Rb7 Rc8 30. Bf4 g5 31. Bd2 Bd8 32. a4 Rc4 33. Rb4 Rc2
34. Be3 h5 35. Rb8 1-0

[Event "AUTO-ADV-2065"]
[Site "http://www.queenalice.com/game.php?id=897788"]
[Date "2011.2.8"]
[Round "1"]
[White "javito"]
[Black "Reginato"]
[Result "0-1"]
[WhiteElo "1703"]
[BlackElo "1859"]

1. e4 e5 2. Nf3 Qe7 3. d4 d6 4. d5 Bg4 5. h3 Bxf3 6. Qxf3 Qf6 7. Qxf6 Nxf6 8.
Bd3 h6 9. Nc3 a6 10. O-O Nbd7 11. b4 b5 12. a4 Nb6 13. axb5 axb5 14. Rxa8+ Nxa8
15. Bxb5+ Ke7 16. Be3 g5 17. Bc6 Nb6 18. Bxb6 cxb6 19. b5 Nh5 20. g3 Bg7 21. Na4
Rb8 22. Nc3 Bf8 23. Nd1 Rc8 24. Ne3 Ng7 25. g4 Kf6 26. Nf5 Kg6 27. Nxg7 Bxg7 28.
h4 gxh4 29. f4 Rc7 30. fxe5 Bxe5 31. c4 Ra7 32. Kg2 Ra3 33. Rf3 Ra4 34. Be8 Rxc4
35. Bxf7+ Kg7 36. Be6 Rxe4 37. Rh3 Bg3 38. Kf3 Rb4 39. Bd7 Kf6 40. Rh1 Rd4 41.
Rf1 Kg5 42. Be6 Rf4+ 43. Kg2 Rxf1 44. Kxf1 h3 45. Kg1 Kf4 46. g5 hxg5 47. Bxh3
Ke5 48. Be6 Kd4 49. Kg2 Bf4 50. Kf3 Kc5 51. Ke4 Kxb5 52. Bd7+ Kc5 53. Bc6 b5 54.
Kd3 b4 55. Kc2 Kc4 56. Kb2 g4 0-1

[Event "AUTO-ADV-2065"]
[Site "http://www.queenalice.com/game.php?id=897789"]
[Date "2011.2.8"]
[Round "1"]
[White "Reginato"]
[Black "javito"]
[Result "1-0"]
[WhiteElo "1769"]
[BlackElo "1744"]

1. e4 e5 2. Nf3 Nc6 3. Bb5 d6 4. Bxc6+ bxc6 5. h3 Ba6 6. d3 h6 7. c4 c5 8. Bd2
Nf6 9. Qa4+ Nd7 10. Qxa6 Be7 11. O-O O-O 12. Nc3 Nb8 13. Qb7 Nd7 14. Nd5 c6 15.
Qxc6 Rc8 16. Qa6 Nb6 17. Qxa7 Nxd5 18. exd5 Bf6 19. Ba5 Ra8 20. Bxd8 Rxa7 21.
Bxf6 gxf6 22. Nh4 h5 23. Nf5 Rd8 24. Rfe1 Ra6 25. Re4 Kh7 26. Rh4 Kg6 27. g4
hxg4 28. hxg4 Kg5 29. Kg2 Kf4 30. Re1 Rxa2 31. Re4+ Kg5 32. Rh5+ Kg6 33. Kg3
Rxb2 34. Kh4 1-0

[Event "Challenge"]
[Site "http://www.queenalice.com/game.php?id=904581"]
[Date "2011.2.23"]
[Round "-"]
[White "javito"]
[Black "Socio"]
[Result "1-0"]
[WhiteElo "1742"]
[BlackElo "1120"]

1. e4 e5 2. Nf3 Nc6 3. c3 Nf6 4. d3 Bc5 5. b4 Bb6 6. h3 d6 7. a4 a6 8. a5 Ba7 9.
Be2 Be6 10. Ng5 h6 11. Nxe6 fxe6 12. Bh5+ Kd7 13. O-O Qe7 14. Na3 Raf8 15. b5
Nxa5 16. bxa6 bxa6 17. d4 exd4 18. e5 dxe5 19. cxd4 exd4 20. Bf3 Kc8 21. Qa4 Qc5
22. Bf4 e5 23. Bg3 Nc6 24. Bxc6 Rd8 25. Nc4 d3 26. Na5 Bb6 27. Nb7 Qd4 28. Nxd8
Rxd8 29. Qxa6+ Kb8 30. Qa8# 1-0

[Event "QA-ANNIV-06"]
[Site "http://www.queenalice.com/game.php?id=924351"]
[Date "2011.4.10"]
[Round "4"]
[White "javito"]
[Black "elijose"]
[Result "0-1"]
[WhiteElo "1729"]
[BlackElo "2009"]

1. e4 e6 2. d4 d5 3. e5 c5 4. Nf3 Nc6 5. c3 Qb6 6. Be2 Bd7 7. Na3 cxd4 8. Nxd4
Nxd4 9. O-O Nxe2+ 10. Qxe2 Ne7 11. Be3 Qc6 12. c4 Ng6 13. cxd5 Qxd5 0-1

[Event "Challenge"]
[Site "http://www.queenalice.com/game.php?id=926250"]
[Date "2011.4.15"]
[Round "-"]
[White "omagorgb25"]
[Black "javito"]
[Result "1-0"]
[WhiteElo "1611"]
[BlackElo "1703"]

1. e4 e5 2. Nf3 Nc6 3. Bc4 h6 4. a3 Nf6 5. d3 Bc5 6. O-O d5 7. exd5 Nxd5 8. Bxd5
Qxd5 9. Nc3 Qd8 10. h3 a6 11. Re1 O-O 12. Nxe5 Nxe5 13. Rxe5 Qh4 14. Be3 Bxe3
15. Rxe3 Qg5 16. Qf3 c6 17. Ne4 Qg6 18. Rae1 Be6 19. Nd6 b5 20. Ne4 Bd5 21. Qg3
Qxg3 22. Nxg3 g6 23. Kh2 h5 24. Ne2 g5 25. Nd4 c5 26. Nf5 Be6 27. Ng3 h4 28. Nh5
Kh7 29. g3 Kh6 30. Nf6 Kg6 31. Rf3 c4 32. d4 Bf5 33. Ne4 g4 34. hxg4 Bxg4 35.
Rf6+ Kg7 36. Rf4 hxg3+ 37. Kxg3 f5 38. f3 Bxf3 39. Rxf3 fxe4 40. Rxe4 Rxf3+ 41.
Kxf3 Rf8+ 42. Rf4 Rxf4+ 43. Kxf4 Kf6 44. Ke4 Ke6 45. d5+ Kd6 46. Kd4 a5 47. c3
a4 48. Ke4 Kc7 49. Ke5 Kb6 50. Ke6 1-0

[Event "amos!"]
[Site "http://www.queenalice.com/game.php?id=942647"]
[Date "2011.5.26"]
[Round "-"]
[White "buahhmc"]
[Black "javito"]
[Result "1/2-1/2"]
[WhiteElo "1655"]
[BlackElo "1693"]

1. d4 d5 2. Nc3 c6 3. e4 g6 4. e5 f6 5. Nf3 Bg7 6. Bf4 g5 7. exf6 exf6 8. Bxb8
Rxb8 9. Qe2+ Ne7 10. Na4 O-O 11. Nc5 Re8 12. O-O-O Nf5 13. Qd2 Bf8 14. Nd3 Bh6
15. g4 Nd6 16. h4 Nc4 17. Qb4 gxh4+ 18. Kb1 a5 19. Qc5 Ra8 20. Bh3 Bf8 21. Rdg1
Bxc5 22. dxc5 b6 23. g5 f5 24. Nxh4 Ne5 25. Bxf5 Bxf5 26. Nxf5 Ng6 27. Nh6+ Kf8
28. Rg3 Ne5 29. Nxe5 Rxe5 30. Rf3+ Kg7 31. Rf7+ Kg6 32. f4 Re4 33. Rf6+ Kg7 34.
Rf7+ Kg6 35. Rf6+ Qxf6 36. gxf6 Kxf6 37. Ng4+ Kf5 38. Nf2 Rxf4 39. Nd3 Rd4 40.
cxb6 Rb8 41. Rxh7 Rxb6 42. b3 a4 43. Rh5+ Kg6 44. Re5 Re4 45. Kc1 Rxe5 46. Nxe5+
Kf5 47. Nd7 Ra6 48. Nc5 Ra5 49. Nxa4 c5 50. Kb2 c4 51. Nb6 Rb5 52. Nd7 d4 53. a4
c3+ 54. Ka3 Rd5 55. Nb6 Re5 56. b4 d3 57. cxd3 Re6 58. a5 c2 59. Kb2 Rc6 60. Nc4
c1=Q+ 61. Kxc1 Ke6 62. Kc2 Kd5 63. Kc3 Rc7 64. b5 Kc5 65. b6 Rc8 66. a6 Kc6 67.
Kb4 Rd8 68. a7 Kb7 69. Kb5 Rd5+ 70. Kb4 Rxd3 71. Na5+ Ka8 72. Kc5 Rc3+ 73. Kb5
Rf3 74. Ka6 Rf6 75. Nb3 Rc6 76. Nd4 Rd6 77. Nb5 Rxb6+ 78. Kxb6 1/2-1/2

[Event "vendetta"]
[Site "http://www.queenalice.com/game.php?id=943795"]
[Date "2011.5.29"]
[Round "-"]
[White "javito"]
[Black "jcropero"]
[Result "1-0"]
[WhiteElo "1705"]
[BlackElo "1608"]

1. c4 e5 2. Nc3 Nc6 3. e4 Nd4 4. Nf3 d6 5. Nxd4 exd4 6. Nd5 c6 7. Nf4 Qa5 8. Be2
Nf6 9. Bd3 Qe5 10. Ne2 Nxe4 11. Bxe4 Qxe4 12. O-O d3 13. Ng3 Qxc4 14. Re1+ Be7
15. Re4 Qd5 16. b3 Qg5 17. f4 Qc5+ 18. Kh1 g6 19. Bb2 f6 20. Bxf6 d5 21. Bxe7
Qb5 22. Re5 Rg8 23. a4 Qa6 24. Bf6+ Kf7 25. Be7 Re8 26. Bd6 Re6 27. Nf5 Rxe5 28.
Nh6+ Kg7 29. fxe5 Kxh6 30. Bf8+ Kg5 31. h4+ Kf5 32. Qf3+ Kxe5 33. Qe3+ Kf6 34.
Rf1+ 1-0

[Event "tablas no!"]
[Site "http://www.queenalice.com/game.php?id=961351"]
[Date "2011.7.17"]
[Round "-"]
[White "javito"]
[Black "buahhmc"]
[Result "0-1"]
[WhiteElo "1692"]
[BlackElo "1671"]

1. e4 d5 2. e5 Nc6 3. Bb5 Bd7 4. Bxc6 bxc6 5. d4 e6 6. Nf3 c5 7. c3 cxd4 8. Nxd4
Bc5 9. Nf3 Nh6 10. Bg5 Qb8 11. b4 Bf8 12. Bxh6 gxh6 13. a4 c6 14. O-O h5 15.
Nbd2 h4 16. h3 Bg7 17. Re1 f6 18. c4 fxe5 19. Nxe5 Bxe5 20. Qh5+ Kd8 21. Rxe5
Qxb4 22. Qg5+ Kc7 23. cxd5 exd5 24. Re7 Rae8 25. Rb1 Qxe7 26. Qf4+ Qe5 27. Qxe5+
Rxe5 28. Nf3 Re4 29. a5 Bf5 30. a6 Rb8 31. Rxb8 Kxb8 32. g4 Be6 33. Nxh4 d4 34.
f3 Re3 35. Kf2 c5 36. Nf5 Bxf5 37. gxf5 Re8 38. f4 Rf8 39. Kf3 Rxf5 40. Ke4
Rxf4+ 41. Kxf4 d3 42. Ke3 c4 43. Kd2 Kc7 44. Kc3 Kb6 45. h4 h5 46. Kd2 Kxa6 47.
Kc3 Kb5 48. Kd2 a5 49. Kc3 a4 0-1

[Event "AUTO-INT-2090"]
[Site "http://www.queenalice.com/game.php?id=961823"]
[Date "2011.7.18"]
[Round "1"]
[White "ValerioR"]
[Black "javito"]
[Result "0-1"]
[WhiteElo "1475"]
[BlackElo "1659"]

1. e4 e5 2. d4 exd4 3. Bc4 Bb4+ 4. c3 dxc3 5. Nxc3 Bxc3+ 6. bxc3 Nf6 7. e5 Ne4
8. Bxf7+ Ke7 9. Nf3 Kxf7 10. Qd5+ Ke7 11. Qxe4 d5 12. Qh4+ Ke8 13. Bg5 Qd7 14.
O-O Qc6 15. e6 Bxe6 16. Ne5 Qxc3 17. Ng6 hxg6 18. Qxh8+ Kf7 19. Qd8 Qc5 20. Rfe1
Qd6 21. Qxd6 cxd6 22. h3 Nc6 23. g4 Ne5 24. Kg2 d4 25. Bf4 Bd5+ 26. Kg3 Nd3 27.
Red1 Nxf4 28. Kxf4 Rf8 29. Re1 Kg8+ 30. Kg3 Rf3+ 31. Kh4 g5+ 32. Kxg5 Rxf2 33.
Kg6 Rf6+ 34. Kg5 d3 35. Re8+ Kf7 36. Rae1 Be6 37. Rb8 Bd5 38. Rc8 b5 39. Rce8
Be6 40. Ra8 Bd5 41. Rae8 Be6 42. Ra8 Ke7 43. Rxa7+ Kd8 44. Ra8+ Kc7 45. Rc1+ Bc4
46. Ra7+ Kb6 47. Rxg7 Re6 48. Rg6 Bxa2 49. Rxe6 Bxe6 50. h4 Bb3 51. h5 d2 52.
Rb1 d1=Q 53. Rxd1 Bxd1 54. Kf6 b4 55. h6 Bc2 56. g5 b3 57. g6 b2 58. g7 Bh7 59.
Kf7 b1=Q 60. g8=Q Qa2+ 61. Ke7 Qxg8 62. Kd7 Bf5+ 63. Ke7 d5 64. h7 Qxh7+ 65. Kd6
d4 66. Kd5 d3 67. Kd6 d2 68. Kd5 d1=Q+ 69. Kc4 Qc7+ 70. Kb4 Qb1+ 71. Ka4 Qa7#
0-1

[Event "AUTO-INT-2090"]
[Site "http://www.queenalice.com/game.php?id=961824"]
[Date "2011.7.18"]
[Round "1"]
[White "javito"]
[Black "ValerioR"]
[Result "0-1"]
[WhiteElo "1717"]
[BlackElo "1494"]

1. e4 e5 2. Nf3 Nc6 3. c3 Nf6 4. Ng5 d5 5. exd5 Nxd5 6. Nxf7 Qf6 7. Nxh8 Bc5 8.
d4 Nxd4 9. Be3 Nxe3 10. fxe3 Nf5 11. Bc4 Qh4+ 12. Kd2 Bxe3+ 13. Kc2 Qxc4 14.
Qh5+ g6 15. Qd1 Nd4+ 16. Qxd4 Bf5+ 17. Kd1 Rd8 18. Qxd8+ Kxd8 19. Nd2 Qd3 20.
Nf7+ Ke7 21. Ke1 Qxd2+ 0-1

[Event "AUTO-INT-2090"]
[Site "http://www.queenalice.com/game.php?id=961837"]
[Date "2011.7.18"]
[Round "1"]
[White "javito"]
[Black "Goudan"]
[Result "1-0"]
[WhiteElo "1675"]
[BlackElo "1584"]

1. e4 e5 2. Nf3 Nc6 3. c3 Nf6 4. d3 Bc5 5. Nxe5 Nxe5 6. d4 Bd6 7. dxe5 Bxe5 8.
Bd3 O-O 9. Nd2 d5 10. exd5 Qxd5 11. Nf3 Bg4 12. Be2 Qxd1+ 13. Bxd1 Rfe8 14. O-O
Rad8 15. Bc2 Rd5 16. Nxe5 Rexe5 17. Bf4 Re7 18. f3 Bf5 19. Bxf5 Rxf5 20. Bg3 Re2
21. b4 Nd5 22. Rad1 Kf8 23. Bh4 f6 24. g4 Rfe5 25. Bg3 Rg5 26. Rd3 Rxa2 27. h4
1-0

[Event "AUTO-INT-2090"]
[Site "http://www.queenalice.com/game.php?id=961838"]
[Date "2011.7.18"]
[Round "1"]
[White "Goudan"]
[Black "javito"]
[Result "0-1"]
[WhiteElo "1572"]
[BlackElo "1687"]

1. e4 e5 2. Nf3 Nc6 3. Nc3 Nf6 4. Bc4 Nxe4 5. O-O Nxc3 6. dxc3 h6 7. Bb5 d6 8.
Be3 a6 9. Bxc6+ bxc6 10. Re1 Bg4 11. h3 Bf5 12. Qd2 Be7 13. c4 c5 14. b4 cxb4
15. Qxb4 a5 16. Qa4+ Bd7 17. Qb3 a4 18. Qd3 Bc6 19. Bd2 e4 20. Qc3 Bf6 21. Nd4
Bxd4 22. Qxd4 O-O 23. Bc3 f6 24. c5 d5 25. f3 exf3 0-1

[Event "Challenge"]
[Site "http://www.queenalice.com/game.php?id=980339"]
[Date "2011.9.2"]
[Round "-"]
[White "buahhmc"]
[Black "javito"]
[Result "1-0"]
[WhiteElo "1705"]
[BlackElo "1698"]

1. d4 c5 2. dxc5 Qa5+ 3. Bd2 Qxc5 4. Nc3 Nf6 5. Nf3 Ng4 6. e3 e5 7. Be2 Be7 8.
b4 Qxb4 9. Nd5 Qa3 10. Nc7+ Kf8 11. Nxa8 Bb4 12. Bxb4+ Qxb4+ 13. Qd2 Qxd2+ 14.
Nxd2 d5 15. Bxg4 Bxg4 16. Nc7 d4 17. exd4 exd4 18. Rb1 b6 19. Nb5 Nc6 20. Nb3
Ke7 21. N3xd4 Re8 22. O-O Nxd4 23. Nxd4 Kf8 24. Nc6 a5 25. Rxb6 a4 26. Ra6 Re6
27. Nb4 Re5 28. Rxa4 Rg5 29. Re1 f6 30. Nc6 Bf3 31. Ra8+ Kf7 32. Ra7+ Kf8 33.
Nd4 Bd5 34. Ne6+ Bxe6 35. Rxe6 Re5 36. Rxe5 fxe5 37. c4 1-0

[Event "Challenge"]
[Site "http://www.queenalice.com/game.php?id=986628"]
[Date "2011.9.18"]
[Round "-"]
[White "albemo"]
[Black "javito"]
[Result "1-0"]
[WhiteElo "1845"]
[BlackElo "1668"]

1. c4 e5 2. Nc3 c6 3. Nf3 d6 4. e3 Nd7 5. Be2 Nc5 6. O-O e4 7. Nd4 Nf6 8. Qc2
Nd3 9. Bxd3 exd3 10. Qxd3 c5 11. Nf3 Bg4 12. Ng5 g6 13. b3 Bf5 14. e4 Bd7 15. f4
b5 16. cxb5 d5 17. exd5 Bf5 18. Re1+ Be7 19. Qe3 Ng8 20. Qxc5 Qd7 21. Qc6 Qxc6
22. bxc6 O-O-O 23. Nxf7 Bc5+ 24. Kh1 Bd4 25. Nxh8 Bxh8 26. Bb2 Bxc3 27. Bxc3
Rxd5 28. Re8+ Kc7 29. Rxg8 Kxc6 30. d4 a5 31. Re1 Rd6 32. Ra8 h6 33. Ra6+ Kd5
34. Re5# 1-0

[Event "Challenge"]
[Site "http://www.queenalice.com/game.php?id=991466"]
[Date "2011.9.30"]
[Round "-"]
[White "javito"]
[Black "buahhmc"]
[Result "0-1"]
[WhiteElo "1682"]
[BlackElo "1737"]

1. e4 e5 2. Bc4 Nf6 3. Nf3 d6 4. Ng5 d5 5. Nxf7 Kxf7 6. Bxd5+ Nxd5 7. exd5 Bc5
8. O-O Rf8 9. Qh5+ Kg8 10. Qxe5 Bd6 11. Qd4 Nc6 12. Qc4 Ne5 13. Qb3 Nf3+ 14. Kh1
Qh4 15. h3 Bxh3 16. g3 Bg2+ 17. Kxg2 Qh2# 0-1

[Event "Challenge"]
[Site "http://www.queenalice.com/game.php?id=1003224"]
[Date "2011.10.30"]
[Round "-"]
[White "buahhmc"]
[Black "javito"]
[Result "1-0"]
[WhiteElo "1751"]
[BlackElo "1695"]

1. d4 d5 2. Nc3 e6 3. Bf4 Bb4 4. e3 a6 5. Nf3 h6 6. Bd3 Bd6 7. O-O Bxf4 8. exf4
Nf6 9. Ne5 Nbd7 10. b4 b5 11. Nc6 O-O 12. Nxd8 Rxd8 13. f5 e5 14. dxe5 Nxe5 15.
Re1 Re8 16. f4 Nxd3 17. Rxe8+ Nxe8 18. Qxd3 c6 19. g4 a5 20. Qd4 axb4 21. Qxb4
Nf6 22. Qc5 Bd7 23. Qd6 Re8 24. g5 Ng4 25. Qxd7 1-0